Peter Greenaway´s postmodern/poststructuralist cinema / (Record no. 130254)

MARC details
000 -LEADER
fixed length control field 00780cam a2200229 4500
008 - FIXED-LENGTH DATA ELEMENTS--GENERAL INFORMATION
fixed length control field 060921s2001 mdu 000 0 eng u
020 ## - INTERNATIONAL STANDARD BOOK NUMBER
International Standard Book Number 0810838923
100 1# - MAIN ENTRY--PERSONAL NAME
Personal name Greenaways, Peter
245 10 - TITLE STATEMENT
Title Peter Greenaway´s postmodern/poststructuralist cinema /
Statement of responsibility, etc [edited by] Paula Willoquet-Maricondi, Mary Alemany-Galway.
260 ## - PUBLICATION, DISTRIBUTION, ETC. (IMPRINT)
Place of publication, distribution, etc Lanham, Maryland :
Name of publisher, distributor, etc The Scarecrow,
Date of publication, distribution, etc 2001
300 ## - PHYSICAL DESCRIPTION
Extent xxviii, 360 p. ;
Dimensions 23 cm.
504 ## - BIBLIOGRAPHY, ETC. NOTE
Bibliography, etc Bibliografía . p. 329-352
504 ## - BIBLIOGRAPHY, ETC. NOTE
Bibliography, etc Incluye indice
506 ## - RESTRICTIONS ON ACCESS NOTE
Terms governing access Rec. prop. esc.
600 1# - SUBJECT ADDED ENTRY--PERSONAL NAME
Personal name Greenaway, Peter
General subdivision Critica e interpretación
650 ## - SUBJECT ADDED ENTRY--TOPICAL TERM
Topical term or geographic name as entry element
700 1# - ADDED ENTRY--PERSONAL NAME
Personal name Willoquet-Maricondi, Paula,
Dates associated with a name 1960-
700 1# - ADDED ENTRY--PERSONAL NAME
Personal name Alemania - Galway, Mary,
Dates associated with a name 1944-
942 ## - ADDED ENTRY ELEMENTS (KOHA)
Source of classification or shelving scheme Biblioteca del Cogreso de los Estados Unidos
Koha item type Libro
Holdings
Estado de pérdida Fuente de clasificación Estado del daño No para préstamo Ubicación permanente Ubicación actual Apartado o colección Fecha de adquisición Edición Dependencia de educación superior (DES) Área del conocimiento Clasificación Código de Barras Date last seen Número de copia Tipo de recurso
  Biblioteca del Cogreso de los Estados Unidos     Biblioteca de la Facultad de Filosofía Biblioteca de la Facultad de Filosofía General 15/03/2017 1a. ed. Humanidades Educación y Humanidades PN1998.3.C5 G74 2001 BFF000025732 15/03/2017 C:1 Libro